Southville International School and Colleges
Your cart is empty.
  • Cart
  • Lists
    Public lists Eva Luna New books Lux_list list_1
    Your lists Log in to create your own lists
  • Log in to your account
  • Your cookies
  • Search history
Southville International School and Colleges
  • Advanced search
  • Recent comments
  • Most popular
  • Libraries

Log in to your account

Log in with GOOGLE


If you do not have an external account, but do have a local account, you can still log in:

  1. Home
  2. MARC view: A book about your skeleton /
Normal view MARC view ISBD view

A book about your skeleton / (Record no. 103653)

[ view plain ]
MARC details
000 -LEADER
fixed length control field 00490nam a2200157 a 4500
005 - DATE AND TIME OF LATEST TRANSACTION
control field 20140412111305.0
008 - FIXED-LENGTH DATA ELEMENTS--GENERAL INFORMATION
fixed length control field 010502s19uu xx 00 eng d
020 ## - INTERNATIONAL STANDARD BOOK NUMBER
International Standard Book Number 0-590-30346-5
050 ## - LIBRARY OF CONGRESS CALL NUMBER
Classification number TR(GS 611
Item number Bo63 19_?
100 ## - MAIN ENTRY--PERSONAL NAME
Personal name Gross, Ruth Belov
245 ## - TITLE STATEMENT
Title A book about your skeleton /
Statement of responsibility, etc by Ruth Belov Gross; pictures by Deborah Robinson.
260 ## - PUBLICATION, DISTRIBUTION, ETC. (IMPRINT)
Place of publication, distribution, etc New York :
Name of publisher, distributor, etc Scholastic Book Services.
300 ## - PHYSICAL DESCRIPTION
Extent 1 v. (unp.) ; ill.
650 ## - SUBJECT ADDED ENTRY--TOPICAL TERM
Topical term or geographic name as entry element Bones-Juvenile literature
Holdings
Withdrawn status Lost status Damaged status Home library Current library Shelving location Date acquired Source of acquisition Total Checkouts Full call number Barcode Date last seen Price effective from Koha item type
      Elizalde Library Elizalde Library Teachers Reference Section 05/02/2001     TR(GS 611 Bo63 19_? E5669 04/12/2014 04/12/2014 Books

A book about your skeleton /

APA

Gross R. B., .A book about your skeleton. New York: Scholastic Book Services.

Chicago

Gross Ruth Belov, .A book about your skeleton. New York: Scholastic Book Services.

Harvard

Gross R. B., .A book about your skeleton. New York: Scholastic Book Services.

MLA

Gross Ruth Belov, .New York: Scholastic Book Services. .

  • Place hold
  • Print
  • Cite
  • Add to your cart (remove)
  • Save record
    BIBTEX Dublin Core MARCXML MARC (non-Unicode/MARC-8) MARC (Unicode/UTF-8) MARC (Unicode/UTF-8, Standard) MODS (XML) RIS
  • More searches
    Search for this title in:
    Other Libraries (WorldCat) Other Databases (Google Scholar) Online Stores (Bookfinder.com) Open Library (openlibrary.org)

Exporting to Dublin Core...

SOUTHVILLE LIBRARY

Southville International School and Colleges Library

1281 Tropical Ave. Cor. Luxembourg St., BF Homes International, Las Pinas City

Tel. No. 8256374 / 252358 Loc. 117/146

Powered by Koha